000
00303nam a2200145Ia 4500
003
OSt
005
20240229121619.0
008
170524s9999 xx 000 0 und d
020
_a
978-1840386158
040
_c
IIMT
100
_a
Johnson
245
0
_a
Low-salt cooking
260
_b
SK
942
_2
ddc
_c
02
999
_c
7178
_d
7178